Statistics for Important historical people by picture

Click here to take the quiz!

General Stats

  • This quiz has been taken 49 times
  • The average score is 7 of 18

Answer Stats

Answer % Correct
Jesus Christ
100%
Anne Frank
91%
Jimi Hendrix
73%
Christopher Colombus
70%
George Harrison
52%
Otto von Bismarck
48%
Siddhartha Gautama
39%
Galileo Galilei
39%
Kim Jong-il
36%
Yuri Gagarin
36%
Henry Ford
32%
Nicolaus Copernicus
27%
Johannes Gutenberg
14%
Alfred Nobel
9%
Carl Benz
7%
Hernán Cortéz
7%
Immanuel Kant
5%
Kimura Komako
0%

Score Distribution

Percentile by Number Answered

Percent of People with Each Score

Your Score History

You have not taken this quiz